Flags of EU Countries - Statistics

General Stats
  • This quiz has been taken 385 times
    369 since last reset
  • The average score is 23 of 27
Answer Stats
Hint Answer % Correct
France
100%
Germany
100%
Italy
99%
Spain
97%
Belgium
96%
Greece
92%
Ireland
91%
Sweden
90%
Austria
86%
Denmark
85%
Finland
85%
Poland
85%
Portugal
85%
Croatia
84%
Czech Republic
82%
Romania
82%
Cyprus
81%
Netherlands
79%
Estonia
78%
Bulgaria
77%
Malta
77%
Slovenia
77%
Slovakia
75%
Hungary
74%
Latvia
73%
Lithuania
72%
Luxembourg
69%
No matching quizzes found
Score Distribution
Percent of People with Each Score
Percentile by Number Answered
Your Score History
You have not taken this quiz since the last reset